00351pab a2200121 454500008003600000100002000036245008700056650001200143650001200155650001100167650002200178773002900200180718b xxu||||| |||| 00| 0 eng d aRavindranath, S aElectoral reform in India - introduction of voting machine in the electoral system a Voting a Reform a Polls aElections - India aPolitical Science Review